Minkä brändin tuote? - Statistics

Yleistilastot
  • Tätä visaa on pelattu 168 kertaa
    166 viimeisimmän päivityksen jälkeen
  • Keskiarvotulos 10 / 15
Vastaustilastot
Kuvavisa Vastaus % Oikein
Iittala
93%
Fiskars
91%
Nokia
89%
Hartwall
85%
Keurig Dr Pepper (Euroopassa ja Etelä-Koreassa Coca Cola)
85%
Burger King
81%
Atria
76%
Vaasan
68%
Fiat
67%
Asics
61%
Supercell
55%
Makita
51%
Malaco
51%
Samsung
38%
DJI
8%
Ehtoja vastaavia visoja ei löytynyt
Tulosjakauma
Jokaisen tuloksen saaneiden osuus
Persentiili vastausten määrän mukaan
Tuloshistoriasi
Et ole pelannut tätä visaa sen viimeisimmän päivityksen jälkeen